000
00331nam a2200145Ia 4500
008
150201s1998 xx 000 0 und d
082
_a
617.6
_b
O1998S
100
_a
SILVERMAN.SOL
245
_a
ORAL CANCER
250
_a
4TH
260
_b
B.C.DECKER
_a
TORONTO
_c
1998
300
_a
1-175
650
_a
PERIODONTICS
942
_2
ddc
_c
BK
999
_c
3483
_d
3483